000 01147nam a2200241Ia 4500
999 _c40935
_d40935
001 7582
003 GE_BSU
005 20211222124214.0
008 181216s2013||||ge |||||||||||||| ||geo||
020 _a9789941220555
040 _cGE_BSU
041 _ageo
080 _a368.371(075.8)+519.23 ს-45
100 _aსვანიძე, ნინო
_913337
245 _aსადაზღვევო მათემატიკის საფუძვლები :
_b(აქტუარული ანგარიშები) : [სახელმძღვ.] /
_c ნინო სვანიძე, ასიე ცინცაძე ; რედ. ნატო კაკაშვილი.
264 _aთბილისი :
_bუნივერსალი,
_c2013.
300 _a218 გვ.;
_b26 სმ.
653 _aსადაზღვევო მათემატიკა
653 _aსახელმძღვანელო
700 _aცინცაძე, ასიე
_eავტორი
_912504
700 _aკაკაშვილი, ნატო
_eრედაქტორი
_913338
942 _cBK
_2udc